60 years since the October Revolution
Guardado en:
| Formato: | Libro |
|---|---|
| Lenguaje: | Undetermined |
| Publicado: |
1979
|
| Materias: | |
| Etiquetas: |
Agregar Etiqueta
Sin Etiquetas, Sea el primero en etiquetar este registro!
|
| Thư viện lưu trữ: | Trung tâm Học liệu Trường Đại học Cần Thơ |
|---|
| LEADER | 00376nam a2200133Ia 4500 | ||
|---|---|---|---|
| 001 | CTU_26631 | ||
| 008 | 210402s9999 xx 000 0 und d | ||
| 082 | |a 709.4 | ||
| 082 | |b V998 | ||
| 245 | 0 | |a 60 years since the October Revolution | |
| 260 | |c 1979 | ||
| 650 | |a arts - history,arts, russian | ||
| 904 | |i Minh, 981015 | ||
| 980 | |a Trung tâm Học liệu Trường Đại học Cần Thơ | ||